| 000 | 00712nam a22002177a 4500 | ||
|---|---|---|---|
| 003 | OSt | ||
| 005 | 20251013013112.0 | ||
| 008 | 251013b |||||||| |||| 00| 0 eng d | ||
| 020 | _a978-0-415-39781-0 | ||
| 040 |
_aDWCL-Admin lib _cOC |
||
| 082 | _aCirc. 371.271 Ir71e 2008 | ||
| 100 | _aIrons, Alastair | ||
| 245 |
_aEnhancing learning through formative assessment and feedback/ _cAlastair Irons |
||
| 260 |
_aLondons: _bRoutledge , _cc2008 |
||
| 300 |
_axiv, 158 p. : ill. ; _c22 cm |
||
| 504 | _aIncludes bibliographical references and index. | ||
| 650 | _a1. Education,Higher. | ||
| 650 | _a2. Educational test and measurements. | ||
| 650 | _a3. Feedback (Psychology) | ||
| 942 |
_2ddc _cBK-CIRC _kCirc. _n0 |
||
| 999 |
_c4844 _d4844 |
||